Thrust areas of future research in natural rubber cultivation (Record no. 51172)

MARC details
000 -LEADER
fixed length control field 00524nam a2200205Ia 4500
100 ## - MAIN ENTRY--AUTHOR NAME
Personal name Sethuraj M R
245 #0 - TITLE STATEMENT
Title Thrust areas of future research in natural rubber cultivation
260 ## - PUBLICATION, DISTRIBUTION, ETC. (IMPRINT)
Name of publisher Rubber Science
Year of publication 2012
300 ## - PHYSICAL DESCRIPTION
Number of Pages 123-138
650 ## - SUBJECT ADDED ENTRY--TOPICAL TERM
Topical Term Climate change
650 ## - SUBJECT ADDED ENTRY--TOPICAL TERM
Topical Term Ecological cost
650 ## - SUBJECT ADDED ENTRY--TOPICAL TERM
Topical Term Genomics
650 ## - SUBJECT ADDED ENTRY--TOPICAL TERM
Topical Term Harvesting
650 ## - SUBJECT ADDED ENTRY--TOPICAL TERM
Topical Term Markers
650 ## - SUBJECT ADDED ENTRY--TOPICAL TERM
Topical Term Mono-cropping
650 ## - SUBJECT ADDED ENTRY--TOPICAL TERM
Topical Term Research priorities
700 ## - ADDED ENTRY--PERSONAL NAME
Personal name Jacob J
942 ## - ADDED ENTRY ELEMENTS (KOHA)
Koha item type Bibliography STAF
Holdings
Withdrawn status Lost status Damaged status Not for loan Home library Current library Shelving location Date acquired Serial Enumeration / chronology Koha item type
      Bibliography RRII Library RRII Library Rubber general 15/03/2013 Volume 25, Issue 2 Bibliography STAF